000
00216nam a2200097Ia 4500
001
654556
005
20250826154520.0
008
250824s9999 xx 000 0 und d
245
0
_a
ATLA
_c
MERCAN AYTUNA
260
_b
TUDEM
999
_c
654556
_d
654556